000171130 001__ 171130
000171130 005__ 20260515163944.0
000171130 0247_ $$2doi$$a10.1016/j.jadohealth.2013.11.001
000171130 0248_ $$2sideral$$a85354
000171130 037__ $$aART-2014-85354
000171130 041__ $$aeng
000171130 100__ $$0(orcid)0000-0001-8500-1667$$aMatute-Llorente, Á.
000171130 245__ $$aEffect of whole-body vibration therapy on health-related physical fitness in children and adolescents with disabilities: A systematic review
000171130 260__ $$c2014
000171130 5203_ $$aPurpose
To summarize the current literature regarding the effects of whole-body vibration (WBV) therapy on the health-related physical fitness of children and adolescents with disabilities.
Methods
A literature search using MEDLINE–PubMed, SPORT DISCUS, and EMBASE databases was conducted up to August 2013. A total of 22 articles were included in this review (eight randomized controlled trials, four non–randomized controlled trials, three case reports, and seven reviews).
Results
Most of the studies showed positive effects of WBV on health-related physical fitness in children and adolescents with disabilities. Overall, 10–20 minutes at least three times per week, for a minimum of 26 weeks, with high frequency (between 15 and 35 Hz) and low amplitude (no more than 4 mm of peak-to-peak displacement) might be an appropriate protocol to achieve improvement in body composition and muscular strength.
Conclusions
Because no serious adverse events have been observed, WBV might be defined as a safe treatment to be applied in children and adolescents with disabling conditions. Further research is recommended to explore the minimum dose of exposure to WBV required to elicit an optimal response in children and adolescents for improving health-related physical fitness. These may be translated into a more specific WBV protocol.
000171130 540__ $$9info:eu-repo/semantics/closedAccess$$aAll rights reserved$$uhttp://www.europeana.eu/rights/rr-f/
000171130 590__ $$a3.612$$b2014
000171130 591__ $$aPEDIATRICS$$b7 / 120 = 0.058$$c2014$$dQ1$$eT1
000171130 591__ $$aPUBLIC, ENVIRONMENTAL & OCCUPATIONAL HEALTH$$b7 / 146 = 0.048$$c2014$$dQ1$$eT1
000171130 591__ $$aPSYCHOLOGY, DEVELOPMENTAL$$b11 / 68 = 0.162$$c2014$$dQ1$$eT1
000171130 591__ $$aPUBLIC, ENVIRONMENTAL & OCCUPATIONAL HEALTH$$b19 / 164 = 0.116$$c2014$$dQ1$$eT1
000171130 655_4 $$ainfo:eu-repo/semantics/article$$vinfo:eu-repo/semantics/publishedVersion
000171130 700__ $$0(orcid)0000-0002-1132-5906$$aGonzález-Agüero, A.
000171130 700__ $$0(orcid)0000-0001-6492-2512$$aGómez-Cabello, A.
000171130 700__ $$0(orcid)0000-0002-4303-4097$$aVicente-Rodríguez, G.$$uUniversidad de Zaragoza
000171130 700__ $$0(orcid)0000-0002-7215-6931$$aCasajús Mallén, J. A.$$uUniversidad de Zaragoza
000171130 7102_ $$11006$$2245$$aUniversidad de Zaragoza$$bDpto. Fisiatría y Enfermería$$cÁrea Educación Física y Depor.
000171130 773__ $$g54, 4 (2014), 385-396$$pJ. adolesc. health$$tJOURNAL OF ADOLESCENT HEALTH$$x1054-139X
000171130 8564_ $$s558938$$uhttps://zaguan.unizar.es/record/171130/files/texto_completo.pdf$$yVersión publicada
000171130 8564_ $$s2582520$$uhttps://zaguan.unizar.es/record/171130/files/texto_completo.jpg?subformat=icon$$xicon$$yVersión publicada
000171130 909CO $$ooai:zaguan.unizar.es:171130$$particulos$$pdriver
000171130 951__ $$a2026-05-15-14:53:21
000171130 980__ $$aARTICLE